Risk Territories: Advanced Map - Statistics

General Stats
  • This quiz has been taken 34 times
  • The average score is 30 of 47
Answer Stats
Continent Territory % Correct
South America Argentina
86%
South America Brazil
86%
South America Peru
86%
Europe Great Britain
81%
Asia India
81%
South America Venezuela
81%
North America Alaska
76%
North America Alberta
76%
Asia China
76%
Africa Egypt
76%
Oceania (Asia) Indonesia
76%
Asia Japan
76%
Oceania (also in Asia) New Guinea
76%
North America Quebec
76%
North America (Oceania) Hawaii
71%
North America Northwest Territories
71%
Africa South Africa
71%
Oceania Western Australia
71%
Europe Western Europe
71%
North America Central America
67%
North America Greenland
67%
Europe Iceland
67%
Asia Middle East
67%
Oceania New Zealand
67%
Europe Northern Europe
67%
Europe Ukraine
67%
Asia Afghanistan
62%
Africa Congo
62%
Africa East Africa
62%
Oceania Eastern Australia
62%
North America Ontario
62%
Europe Scandinavia
62%
Asia Siberia
62%
North America Eastern United States
57%
Africa Madagascar
57%
Europe Southern Europe
57%
North America Western United States
57%
Asia Mongolia
52%
Africa North Africa
52%
Oceania (Asia) Philippines
52%
Asia Kamchatka
48%
Asia Siam
48%
Asia Yakutsk
48%
Asia Ural
43%
Asia Irkutsk
38%
South America Falkland Islands
19%
Europe Svalbard
5%
No matching quizzes found
Score Distribution
Percent of People with Each Score
Percentile by Number Answered
Your Score History
You have not taken this quiz